000 00378nam a2200133Ia 4500
008 151001s9999||||xx |||||||||||||| ||und||
100 _aअभया शेलकर
245 _aमुंबई पोलीस अधिनियम
250 _a1
260 _bशिवांश पब्लिकेशन
260 _c2007
300 _a312
365 _b21
999 _c989345
_d989342